000 00532nam a2200145Ia 4500
008 260210s9999 xx 000 0 und d
024 _a21B-116-CE, 21B-140-CE, 21B-146-CE, 21B-149-CE
082 _a616.80475072 FAT
100 _aAlish Fatima, Anees Ur Rehman Khan, Syeda Amna Khurram, Warisha Fatima
110 _aProf. Dr. Muhammad Ghazanfar Ullah Khan
245 0 _aMIND: Machine Intelligence for Neuro Diagnostics
260 _aKarachi
_bUITU,
_c2020
600 _aBachelor of Engineering (B.E)
650 _aComputer Engineering
999 _c32831
_d32831